000 01522nam 2200193 4500
001 5194
010 _a978-2-940587-37-7
090 _a5194
100 _a20190729k u||y0frey50 ba
101 _afre
200 _aLes archives
_bBrochure
_eutilité publique, exigence démocratique
_fBarbara Roth-Lochner, Alain Dubois
210 _aGenève
_cL'Esprit de la lettre
_d2023
215 _a121 p.
_d24 cm
330 _aContre les fake news, la désinformation à grande échelle, les Archives semblent un rempart essentiel. Conserver et garantir l’accès à des informations vérifiées, fiables, devient un réel enjeu démocratique. Pourtant il est difficile de se maintenir à la hauteur de cette exigence. Au regard de l’obésité informationnelle, la nécessité de la sélection conduit à des choix cruciaux, bien plus aigus que par le passé. Ces choix doivent prendre en compte non seulement les documents eux-mêmes, papier ou numériques, mais aussi les ressources nécessaires pour assurer leur pérennité. Choix archivistiques, choix politiques et budgétaires, choix d’économie des ressources… Face à ces nouvelles contraintes Barbara Roth-Lochner et Alain Dubois font aujourd’hui le point sur cette évolution, et, à la lumière de leurs expériences, esquissent pistes de réflexion et perspectives pour l’avenir. [4e de couv.]
606 _94713
_aArchivistique
606 _9869
_aHistoire
700 _95697
_aRoth-Lochner
_bBarbara
_f1954-
701 _95698
_aDubois
_bAlain
_f1978-
801 _aCH
_bCH-002049-8